|
|
|
|
| LEADER |
01406nam a22002777a 4500 |
| 001 |
33292 |
| 003 |
BD-DhAAL |
| 005 |
20250625114402.0 |
| 008 |
180709t1984 ii ||||| b||| 001 0 ben d |
| 040 |
|
|
|a BD-DhAAL
|d BD-DhAAL
|
| 041 |
|
|
|a ben
|
| 082 |
|
|
|a 891.4409
|2 21
|
| 100 |
|
|
|a নন্দী, সুধীর কুমার.
|9 26819
|
| 245 |
|
|
|a নন্দনতত্ত্ব /
|c সুধীর কুমার নন্দী.
|
| 246 |
|
|
|a Nandantattwa
|
| 260 |
|
|
|a কলকাতা :
|b পশ্চিমবঙ্গ রাজ্য পুস্তক পর্ষদ,
|c ১৯৮৪.
|
| 300 |
|
|
|a xiii, ৫৭৭ পৃষ্ঠা ;
|c ২২ সে. মি.
|
| 500 |
|
|
|a প্রথম প্রকাশ ১৯৭৯
|
| 504 |
|
|
|a গ্রন্থপঞ্জিগত নির্দেশিকা ও নিঘন্ট অন্তভূক্ত
|
| 526 |
|
|
|a ARC
|
| 541 |
|
|
|a Department of Architecture
|e 33292
|
| 650 |
|
|
|a Bengali literature
|x History.
|9 26820
|
| 852 |
|
|
|a Department of Architecture
|c General Stacks
|
| 942 |
|
|
|2 ddc
|c BK
|
| 999 |
|
|
|c 39633
|d 39633
|
| 952 |
|
|
|0 0
|1 1
|2 ddc
|4 0
|6 891_440900000000000_NAN
|7 0
|9 63652
|a ARC
|b ARC
|c GEN
|d 2018-07-09
|e Department of Architecture
|l 0
|o 891.4409 NAN
|p 3010033292
|r 2018-07-09
|t 1
|w 2018-07-09
|y BK
|x lost from the ARC department library and approved by the Dean (reasons personal books withdrawn by Hasibul Kabir Sir and Building shifting)
|